Turja Bystra

Bibliographic Details
Main Author: Smetanka, Rastislav paroch, Turja Bystra (Author)
Format: Article
Language:Slovak
PhysicalDescription:Fotogr.
Subjects:

MARC

LEADER 00000nab a2200000 a 4500
001 vtls009483567
003 SK-MaSNL
005 20260303053041.0
008 090316c2008 xo mr p 000 a0slo
015 |a SNBRB2009/03 
038 |a SVKPOCL 
040 |a SVKPOCL  |b slo  |c SVKPOCL  |e AACR2 
041 0 |a slo 
044 |a xo  |c SK 
080 |a 726.54  |2 2001 
080 |a 271.2-523.47  |2 2001 
100 1 |a Smetanka, Rastislav paroch, Turja Bystra  |4 aut  |9 1045059 
245 1 0 |a Turja Bystra  |c Rastislav Smetanka 
300 |b Fotogr. 
610 2 7 |a Gréckokatolícka cirkev (Ukrajina)  |2 svkpocl  |9 1045060 
648 7 |a 13.10.2008  |2 svkpocl  |9 1045061 
650 0 7 |a gréckokatolícke chrámy  |2 svkpocl  |9 1045062 
650 0 7 |a náboženstvo  |2 svkpocl  |9 2023 
650 0 7 |a ikonostasy  |2 svkpocl  |9 22172 
650 0 7 |a posviacky  |2 svkpocl  |9 284045 
651 7 |a Turja Bystra (Ukrajina)  |2 svkpocl  |9 1045063 
773 0 |t Blahovistnik = Blahovistnyk  |g Roč. XLIV, č. 10 (2008), s. 24-25 
852 |a SVKPO  |b KIS3GCP 
958 |a UA 
958 |a NT 
958 |a SK 
999 |c 1717632  |d 1719562